| 000 | 01534nam a2200253 a 4500 | ||
|---|---|---|---|
| 003 | AM-YEHGA | ||
| 040 | _aAM-YeHGA | ||
| 090 | _c455780 | ||
| 005 | 20250617160418.0 | ||
| 008 | 200220s2019 ai fo||fr|||||001|0|arm|| | ||
| 020 | _a9789939728346 | ||
| 041 | 0 | _aarm | |
| 100 | 1 | _aԽուդավերդյան, Սուրիկ Խաչիկի | |
| 245 | 1 | 0 |
_aԲարձրօհմային ենթաշերտով կիսահաղորդչային ֆոտոդետեկտորներ: Նոր մոտեցումներ օպտիկական սպեկտրաչափությունում : _bԳիտական մենագրություն / _cՍ.Խ. Խուդավերդյան, Մ.Գ. Խաչատրյան ; ՀՀ կրթության, գիտության, մշակույթի և սպորտի նախարարություն ; Հայաստանի ազգային պոլիտեխնիկական համալսարան. |
| 246 | 1 | 1 | _aՆոր մոտեցումներ օպտիկական սպեկտրաչափությունում |
| 260 |
_aԵրևան : _bՃարտարագետ, _c2019. |
||
| 300 |
_a182 էջ : _bաղյուսակ, գծանկար, գունավոր լուսանկար ; _c20 սմ. |
||
| 504 | _aԳրականություն՝ էջ 176-183: | ||
| 650 | 1 | 4 | _aՖոտոէլեկտրոնիկա |
| 700 | 1 | _aԽաչատրյան, Մանե Գագիկի | |
| 710 | _aՀՀ կրթության, գիտության, մշակույթի և սպորտի նախարարություն | ||
| 710 | 2 | _aՀայաստանի ազգային պոլիտեխնիկական համալսարան | |
| 942 |
_2udc _cBK |
||
| 999 |
_c452820 _d452820 |
||